Statistiche per Riconosci la Provincia - Quiz n°49

Clicka qui per fare il quiz!

Statistiche generali

  • Questo quiz è stato fatto 2 volte
  • Il punteggio medio è 3 su 8

Statistiche sulle risposte

IndizioRisposta% Corretto
Prefisso / Prefissi059, 0535, 0536
100%
PresidenteFabio Braglia (PD)
100%
Superficie2 688 km²
50%
Coordinate
del capoluogo
44°38′41″N 10°55′32″E
0%
Numero comuni47
0%
Numero province confinanti6
0%
Popolazione705 250 ab.
0%
ProvinciaModena
0%

Distribuzione punteggi

Percentile per numero di risposta

Percentuale di utenti per punteggio

I tuoi punteggi nel tempo

Non hai fatto questo quiz